| 000 | 00399nam a2200169Ia 4500 | ||
|---|---|---|---|
| 008 | 210210b1914 xxu||||| |||| 00| 0 eng d | ||
| 041 | _aeng | ||
| 082 | _a822/1254 | ||
| 100 | _aWARD (Wilfrid) | ||
| 245 | _aMen and matters | ||
| 260 |
_aLondon _bLongmans Green and Company Limited _c1914 |
||
| 650 | _aMen | ||
| 650 | _amatters | ||
| 650 | _aand | ||
| 690 | _aEnglish Prose | ||
| 906 | _a013436 | ||
| 999 |
_c132305 _d132305 |
||